| 000 | 00559nam a2200181Ia 4500 | ||
|---|---|---|---|
| 003 | IN-BaIIA | ||
| 008 | 211028s9999 xx 000 0 eng d | ||
| 040 | _cIIA Library | ||
| 080 |
_a53(03) _bENC-LIII |
||
| 245 | 0 |
_aEncyclopaedia of physics _bvol. LIII _cedited by S. Flugge |
|
| 260 |
_aBerlin _bSpringer-Verlag _c1959 |
||
| 300 | _aviii, 565p. | ||
| 650 |
_aEncyclopedia-Physics _93090 |
||
| 650 | _aNASA Thesaurus | ||
| 650 |
_aPhysics Encyclopedia _93455 |
||
| 700 |
_aFlugge, S., ed. _93091 |
||
| 942 | _cBK | ||
| 999 |
_c1777 _d1777 |
||